000 00742nam a22002297a 4500
005 20241028121524.0
008 241028b |||||||| |||| 00| 0 eng d
020 _a0803959397
_cRs.2811.42
040 _aLoreto College
041 _aEnglish
082 _a150.7
_bSTR
100 _aStrauss,Anselm
245 _aBasics of qualitative research
_bTechniques and procedures for developing grounded theory
_cAnselm Strauss and Juliet Corbin
250 _a2nd ed
260 _aCalifornia
_bSage Publications
_c1998
300 _axiii,312p
_b22cm
504 _aIncludes bibliographical references and index
650 _aPsychology-Research methodology
700 _4Auth
_aCorbin,Juliet
850 _aLCLIB
_bPsychology PG
942 _cBK
999 _c43877
_d94356